Services marketing : people, technology, strategy / (Record no. 613552)
[ view plain ]
| 000 -LEADER | |
|---|---|
| fixed length control field | 00404nam a22001457a 4500 |
| 020 ## - INTERNATIONAL STANDARD BOOK NUMBER | |
| International Standard Book Number | 978-9332587687 |
| 082 ## - DEWEY DECIMAL CLASSIFICATION NUMBER | |
| Classification number | 658.8 |
| Author Mark | WIR |
| 100 ## - MAIN ENTRY--PERSONAL NAME | |
| Personal name | Wirtz, Jochen |
| 245 ## - TITLE STATEMENT | |
| Title | Services marketing : people, technology, strategy / |
| Statement of responsibility, etc. | Jochen Wirtz, Christopher Lovelock. |
| 250 ## - EDITION STATEMENT | |
| Edition statement | 8th Edition. |
| 260 ## - PUBLICATION, DISTRIBUTION, ETC. | |
| Place of publication, distribution, etc. | India: |
| Name of publisher, distributor, etc. | Pearson, |
| Date of publication, distribution, etc. | 2018. |
| 300 ## - PHYSICAL DESCRIPTION | |
| Extent | xxii, 817p. : |
| 563 ## - BINDING INFORMATION | |
| Binding note | PB |
| 942 ## - ADDED ENTRY ELEMENTS (KOHA) | |
| Source of classification or shelving scheme | |
| Koha item type | Book |
| Withdrawn status | Lost status | Source of classification or shelving scheme | Damaged status | Not for loan | Permanent Location | Current Location | Date acquired | Source of acquisition | Cost, normal purchase price | Total Checkouts | Full call number | Barcode | Date last seen | Price effective from | Koha item type |
|---|---|---|---|---|---|---|---|---|---|---|---|---|---|---|---|
| Central Library (CL) | Central Library (CL) | 04/13/2025 | Allied Book Company | 2390.61 | 658.8 WIR | CL-1661 | 04/14/2025 | 04/14/2025 | Book |
